Missing Word: 5 Actors, 1 Role III Quiz Stats

 Plays Quiz Updated Dec 13, 2017

Challenge
Share
Tweet
Embed
Score 0/31 Timer 03:00
0 Plays Today
Movie Answer % Correct
Actor #1Orient
95.3%
Actor #1Erin
94.3%
Actor #5Dumber
94%
Actor #1Bourne
93.5%
Actor #3October
92.8%
Actor #3Picture
92%
Actor #5Pet
91.3%
Actor #4Tights
90.3%
Actor #5Bruce
87.2%
Actor #2Cider
84.8%
Actor #3Lost
84%
Actor #2Italian
82.6%
Actor #2Bridge
80.8%
SolutionJim Carrey
79.8%
Actor #5Spotless
78.6%
Actor #2Batman
78.6%
Movie Answer % Correct
Actor #2Sisters
75.2%
Actor #4First
67.7%
Actor #5Cable
65.4%
Actor #4Future
62.2%
Actor #1Crossing
51.3%
SolutionMichael Caine
48.1%
Actor #3Muppet
37.8%
SolutionTim Curry
33.2%
Actor #3FernGully
29.7%
SolutionPatrick Stewart
28%
Actor #4United
24.1%
Actor #1Tom
22.9%
Actor #4Story
18.9%
SolutionAlbert Finney
16.4%
SolutionEbenezer Scrooge
12.7%

Today's Daily Dose

Word Ladder
Bruno Mars Song

Get the Picture
Japanese Cars

You're not logged in!

Compare scores with friends on all Sporcle quizzes.
OR
Log In

You Might Also Like...

Show Comments

Extras

Top Quizzes Today


Score Distribution

Your Account Isn't Verified!

In order to create a playlist on Sporcle, you need to verify the email address you used during registration. Go to your Sporcle Settings to finish the process.

Report this User

Report this user for behavior that violates our Community Guidelines.

Details: